Neplatené voľno z pohľadu Zákonníka práce
Najčastejšie situácie čerpania neplateného voľna. Vplyvy neplateného voľna na zdravotné, sociálne poistenie a daň z príjmov zo závislej činnosti.
Enregistré dans:
| Auteur principal: | |
|---|---|
| Format: | Chapitre de livre |
| Langue: | slovaque |
| Sujets: | |
| Tags: |
Pas de tags, Soyez le premier à ajouter un tag!
|
MARC
| LEADER | 00000naa a2200000 4500 | ||
|---|---|---|---|
| 001 | 0286830 | ||
| 005 | 20240417075210.6 | ||
| 041 | 0 | |a slo | |
| 044 | |a SK | ||
| 245 | 1 | 0 | |a Neplatené voľno z pohľadu Zákonníka práce |c Mikuláš Hamuľák |
| 520 | |a Najčastejšie situácie čerpania neplateného voľna. Vplyvy neplateného voľna na zdravotné, sociálne poistenie a daň z príjmov zo závislej činnosti. | ||
| 610 | 2 | 0 | |a poistenie sociálne |
| 610 | 2 | 0 | |a zákonník práce |
| 610 | 2 | 0 | |a voľno pracovné |
| 610 | 2 | 0 | |a poistenie |
| 610 | 2 | 0 | |a poistenie zdravotné |
| 610 | 2 | 0 | |a dane z príjmov |
| 100 | 1 | |a Hamuľák, Mikuláš | |